| Tag |
First Indicator |
Second Indicator |
Subfields |
| LEADER |
00000cam a2200000 4500 |
| 001 |
in00000040306 |
| 005 |
20151007072423.0 |
| 008 |
781014s1947 fr ab 00000 fre |
| 010 |
|
|
|a 48000686
|
| 035 |
|
|
|a (OCoLC)04293298
|
| 035 |
|
|
|9 AAE7851AM
|
| 040 |
|
|
|a DLC
|c KKU
|d TXA
|d UtOrBLW
|
| 049 |
|
|
|a TXAM
|c [211300]
|
| 050 |
0 |
0 |
|a QL638.9
|b .B82
|
| 082 |
0 |
|
|a 597.31
|
| 092 |
|
|
|a 597.31
|b B927v
|
| 100 |
1 |
|
|a Budker, Paul,
|d 1900-1992.
|
| 245 |
1 |
3 |
|a La vie des requins.
|
| 264 |
|
1 |
|a [Paris] :
|b Gallimard,
|c [1947]
|
| 300 |
|
|
|a 277 pages :
|b illustrations, maps. ;
|c 20 cm.
|
| 336 |
|
|
|a text
|b txt
|2 rdacontent
|
| 337 |
|
|
|a unmediated
|b n
|2 rdamedia
|
| 338 |
|
|
|a volume
|b nc
|2 rdacarrier
|
| 490 |
0 |
|
|a Histoires naturelles, 7
|
| 650 |
|
0 |
|a Sharks.
|
| 999 |
|
|
|a MARS
|
| 999 |
f |
f |
|s 54898e19-8c8d-3647-b89d-bb8f5d0eb7e4
|i b087c876-9459-30f1-8d87-05c5cf9fb50f
|t 0
|
| 952 |
f |
f |
|p ric
|a Texas A&M University
|b Rellis Campus
|c Joint Library Facility
|d Remote Storage
|t 0
|e QL638.9 .B82
|h Library of Congress classification
|i unmediated -- volume
|m A14801019376
|
| 998 |
f |
f |
|a QL638.9 .B82
|t 0
|l Remote Storage
|